000 00502cam a22002051 4500
001 ne 63000483
003 DLC
005 20260227111742.0
008 881028q19601963xx a 000 0 ara
010 _ane 63000483
035 _a(OCoLC)23490603
040 _aDLC
_cMiU
_dDLC
042 _apremarc
050 0 0 _aPJ7816.A48
_bQ5
100 2 _aBā Kathīr, ʻAlī Aḥmad.
245 1 0 _aQiṭaṭ wa-fīrān.
260 _c[196-. 197-]
300 _a156 p.
_billus.
_c20 cm.
500 _aRomanized.
999 _c45655
_d45655